[Event "50th World Juniors"]
[Site "Chennai IND"]
[Date "2011.08.11"]
[Round "9.22"]
[White "Petrisor,A"]
[Black "Kuchynka,Luk"]
[Result "1/2-1/2"]
[WhiteElo "2408"]
[BlackElo "2339"]

1.e4 c5 2.Nc3 Nc6 3.Nge2 e6 4.d4 cxd4 5.Nxd4 Qc7 6.Be3 a6 7.Qd2 b5 8.a3 Bb7
9.Nxc6 Bxc6 10.Bd3 Nf6 11.f3 Be7 12.O-O O-O 13.Ne2 Rfd8 14.Nd4 Bb7 15.c3 Bd6
16.g3 Be5 17.Rac1 Qb8 18.Qe2 d5 19.exd5 Bxd5 20.Rce1 Nd7 21.Be4 Bxe4 22.fxe4 Qb7
23.Qh5 g6 24.Qh4 Nc5 25.Nf3 Qc7 26.Nxe5 Qxe5 27.Qe7 Nxe4 28.Qxf7+ Kh8 29.Bh6 Qc5+
30.Re3 Rg8 31.Qxe6 g5 32.Re1 Rae8 33.Qd7 Nf6 34.Qd4 Qxd4 35.cxd4 Rxe3 36.Rxe3 Ng4
37.Re6 Nxh6 38.Rxh6 Rd8 39.Rxa6 Rxd4 40.b4 Rd3 41.Kf2 Kg7 42.Rb6 Rxa3 43.Rxb5 h6
44.h3 Rb3 45.Rb6 Kh7 46.b5 Kg7 47.Rb7+ Kg6 48.b6 Kf6 49.Rb8 Kg7 50.g4 Kh7
51.Ke2 Rxh3 52.Kd2 Rb3 53.Kc2 Rb5 54.Kc3 h5 55.Kc4 Rb1 56.gxh5 Kh6 57.Kc5 Kxh5
58.Rh8+ Kg4 59.Kc6 Rc1+ 60.Kd7 Rb1 61.Kc7 Kf3 62.Rf8+ Ke3 63.Rg8 Kf4 64.b7 g4
65.Rf8+ Ke3 66.Rf6 Rxb7+  1/2-1/2

[Event "50th World Juniors"]
[Site "Chennai IND"]
[Date "2011.08.11"]
[Round "9.2"]
[White "Ter Sahakyan,S"]
[Black "Salgado Lopez,I"]
[Result "1-0"]
[WhiteElo "2558"]
[BlackElo "2626"]

1.e4 c5 2.Nf3 e6 3.d4 cxd4 4.Nxd4 Nc6 5.Nc3 Qc7 6.Be3 Nf6 7.f4 Bb4 8.Nb5 Qa5
9.e5 Nd5 10.Bd2 Nxc3 11.bxc3 Bc5 12.c4 Qd8 13.Bd3 b6 14.Qg4 Kf8 15.Bc3 Ba6
16.Nd6 Bxd6 17.exd6 f6 18.Rd1 Rc8 19.O-O Qe8 20.Rf3 Nd8 21.Rh3 Bxc4 22.Bxh7 Qf7
23.Bg6 Qg8 24.Rxh8 Qxh8 25.Re1 Nf7 26.Re3 Qg8 27.Rh3 Nxd6 28.Bb4 Ke7 29.Rh7 Rc5
30.Bxc5 bxc5 31.Qh5 e5 32.fxe5 Nf7 33.exf6+ gxf6 34.Qxc5+  1-0

[Event "ZMDI GER-UKR Rapid"]
[Site "Dresden GER"]
[Date "2011.08.11"]
[Round "3"]
[White "Fuchs,Ju"]
[Black "Vasilevich,T"]
[Result "0-1"]
[WhiteElo "2246"]
[BlackElo "2417"]

1.e4 c5 2.Nf3 e6 3.d4 cxd4 4.Nxd4 Nc6 5.Nc3 Qc7 6.Be3 a6 7.Be2 Nf6 8.a3 Be7
9.f4 d6 10.g4 d5 11.e5 Ne4 12.Nxe4 dxe4 13.O-O O-O 14.c3 b5 15.Qe1 Bb7 16.Rd1 Rad8
17.Qg3 Bc5 18.h4 Ba8 19.Kh2 Qa7 20.Qf2 Ne7 21.Nf5 Bxe3 22.Nxe3 Qc7 23.Kh3 f6
24.exf6 Rxf6 25.Rxd8+ Qxd8 26.g5 Rf8 27.Bg4 Qd6 28.Rd1 Bd5 29.Kg3 Kh8 30.h5 Qc7
31.Bh3 Qc6 32.Qd2 Qe8 33.h6 gxh6 34.Qd4+ Kg8 35.gxh6 Qg6+ 36.Kh2 Qxh6 37.Rg1+ Kf7
38.Rg5 Ke8 39.Qe5 Qf6 40.Kg3 h6 41.Rh5 Qxe5 42.Rxe5 Ng6 43.Rh5 Nxf4 44.Rxh6 Nxh3
45.Nxd5 Rf3+ 46.Kg2 exd5 47.Rxa6 Nf4+ 48.Kg1 e3 49.Ra8+ Ke7 50.Ra7+ Ke6 51.Ra6+ Ke5
52.Kh2 e2 53.Ra8 e1=Q 54.Re8+ Ne6  0-1

[Event "20th ZMDI Open A"]
[Site "Dresden GER"]
[Date "2011.08.11"]
[Round "6.3"]
[White "Luther,T"]
[Black "Zakhartsov,Vi"]
[Result "1/2-1/2"]
[WhiteElo "2515"]
[BlackElo "2578"]

1.e4 c5 2.Nf3 e6 3.d4 cxd4 4.Nxd4 Nc6 5.Nc3 Qc7 6.f4 a6 7.Nxc6 Qxc6 8.Bd3 b5
9.Qe2 Bb7 10.Bd2 Be7 11.a3 Rc8 12.Qg4 g6 13.Qh3 Nf6 14.e5 Nd5 15.Be4 Qc4
16.Qd3 Qxd3 17.cxd3 d6 18.Nxd5 Bxd5 19.Bxd5 exd5 20.a4 b4 21.Bxb4 dxe5 22.Bc3 d4
23.Bd2 exf4 24.Bxf4 Rc2 25.O-O Rxb2 26.Rae1 Rb7 27.Bh6 f5 28.Re6 Kd7 29.Rxa6 Rc8
30.Bg7 Rc3 31.Bxd4 Rxd3  1/2-1/2

[Event "27th Geraadsbergen Open"]
[Site "Geraadsbergen BEL"]
[Date "2011.08.11"]
[Round "2"]
[White "Legemaat,Gerrit"]
[Black "Goormachtigh,J"]
[Result "1/2-1/2"]
[WhiteElo "1942"]
[BlackElo "2237"]

1.e4 c5 2.Ne2 Nc6 3.d4 cxd4 4.Nxd4 e6 5.Nc3 Qc7 6.Be3 a6 7.Qd2 Nf6 8.f3 Be7
9.g4 O-O 10.g5 Nh5 11.O-O-O Rd8 12.Qf2 Nxd4 13.Rxd4 Bc5 14.Rd2 Bxe3 15.Qxe3 b6
16.Ne2 e5 17.Bh3 d5 18.Bxc8 Raxc8 19.exd5 Rxd5 20.Rhd1 Nf4 21.Nxf4 exf4 22.Qe4 Rc5
23.Qd3 g6 24.h4 a5 25.Re1  1/2-1/2

[Event "e2e4 Int Masters D"]
[Site "Sunningdale ENG"]
[Date "2011.08.11"]
[Round "3"]
[White "Hegarty,S"]
[Black "Lalic,B"]
[Result "1/2-1/2"]
[WhiteElo "2065"]
[BlackElo "2470"]

1.e4 c5 2.Nf3 e6 3.d4 cxd4 4.Nxd4 Nc6 5.Nc3 a6 6.Be2 d6 7.O-O Nf6 8.Be3 Be7
9.f4 Bd7 10.Kh1 O-O 11.Nf3 Qc7 12.h3 b5 13.a3 b4 14.axb4 Nxb4 15.Rc1 Rab8
16.Nd4 Nc6 17.Nb3 Nb4 18.Nd4 Nc6 19.Nb3  1/2-1/2

[Event "50th World Juniors"]
[Site "Chennai IND"]
[Date "2011.08.12"]
[Round "10.9"]
[White "Rasulov,Vu"]
[Black "Krysa,L"]
[Result "1/2-1/2"]
[WhiteElo "2522"]
[BlackElo "2374"]

1.e4 c5 2.Nf3 e6 3.d4 cxd4 4.Nxd4 Nc6 5.Nc3 Qc7 6.Be3 a6 7.Qd2 Nf6 8.O-O-O Bb4
9.f3 Ne5 10.Nb3 b5 11.Bd4 Be7 12.Qg5 Ng6 13.Qg3 d6 14.h4 h5 15.Qf2 Rb8 16.Kb1 b4
17.Ne2 a5 18.Ba7 Rb7 19.Be3 Ne5 20.Ned4 Bd7 21.Nc1 O-O 22.Bg5 a4 23.Qe1 Nc4
24.Bxc4 Qxc4 25.Qd2 Rc8 26.Nce2 Rbc7 27.Rc1 e5 28.Nf5 Be6 29.b3 Qa6 30.Nxe7+ Rxe7
31.Bxf6 gxf6 32.Ng3 Ra7 33.Nxh5 axb3 34.cxb3 Rc3 35.Nxf6+ Kf8 36.Qh6+ Ke7
37.Ng8+ Ke8 38.Nf6+ Ke7 39.Ng8+ Ke8 40.Nf6+  1/2-1/2

[Event "MMK Krakow IM"]
[Site "Krakow POL"]
[Date "2011.08.12"]
[Round "8.1"]
[White "Sivuk,V"]
[Black "Massoni,M"]
[Result "1-0"]
[WhiteElo "2422"]
[BlackElo "2294"]

1.e4 c5 2.Nf3 e6 3.d4 cxd4 4.Nxd4 Nc6 5.Nc3 Qc7 6.Be3 a6 7.Be2 Nf6 8.O-O Bb4
9.Na4 Bd6 10.Nxc6 bxc6 11.Nb6 Rb8 12.Nxc8 Rxc8 13.g3 Nxe4 14.Bxa6 Rb8 15.Qg4 Rb4
16.a3 Ra4 17.Bd3 Nc5 18.Qxg7 Be5 19.Qg5 Nxd3 20.cxd3 h6 21.Qh5 Bxb2 22.Qd1 Ra8
23.Ra2 Bg7 24.Qg4 Bf6 25.a4 Ke7 26.a5 c5 27.Rc1 d6 28.d4 c4 29.d5 exd5 30.Re2 Kf8
31.Qf5 Kg7 32.Bb6 Qc6 33.Rd2 Rhe8 34.Rxd5 c3 35.Bd4 Bxd4 36.Qg4+ Kh7 37.Qxd4 Re5
38.Rxd6 Qe4 39.Qxc3 Raxa5 40.Qd2 Rg5 41.Rd7 Kg7 42.Re1 Qf3 43.Qd4+ Qf6 44.Qxf6+ Kxf6
45.Ree7 Rg7 46.Rb7 Ra6 47.Kg2 Kg6 48.Rec7 Rf6 49.Rc8 Ra6 50.h4 Re6 51.Rh8 Kf5
52.Kf3 Rf6 53.g4+ Kg6+ 54.Kg3 Rh7 55.Ra8 Kg7 56.Rbb8 Rc6 57.h5 Kf6 58.f3 Rd6
59.Re8 Rb6 60.Ra5 Kg7 61.Raa8 Kf6 62.Rg8 Rc6 63.Ra5 Rd6 64.Kh4 Ke7 65.Ra7+ Kf6
66.Ra5 Ke7 67.f4 Rd4 68.Kg3 Rb4 69.Kf3 Rc4 70.Ra6 Rb4 71.Rc6 Ra4 72.Rb6 Rc4
73.Ra8 Rd4 74.Raa6 Rd3+ 75.Ke4 Rg3 76.Kf5  1-0

[Event "XX TCh-MKD"]
[Site "Struga MKD"]
[Date "2011.08.12"]
[Round "5"]
[White "Damceski,M"]
[Black "Andonovski,L"]
[Result "0-1"]
[WhiteElo "2060"]
[BlackElo "2317"]

1.e4 c5 2.Nf3 e6 3.d4 cxd4 4.Nxd4 Nc6 5.Nc3 Qc7 6.Nxc6 bxc6 7.Bd3 Nf6 8.O-O Be7
9.Re1 e5 10.Kh1 d6 11.h3 Be6 12.f4 exf4 13.Bxf4 Nd7 14.Qd2 Ne5 15.Bf1 O-O
16.b3 Rfd8 17.Rad1 Bh4 18.Re3 Qa5 19.g3 Ng6 20.Rd3 Nxf4 21.gxf4 f5 22.Rxd6 fxe4
23.Na4 Qh5 24.Nc3 Be7 25.Rxd8+ Rxd8 26.Qe2 Qf5 27.Rxd8+ Bxd8 28.Qxe4 Bd5
29.Bc4 Qxh3+  0-1

[Event "1st Radzikowskiej Mem"]
[Site "Warsaw POL"]
[Date "2011.08.12"]
[Round "9"]
[White "Szczepkowska Horowska,K"]
[Black "Zozulia,A"]
[Result "0-1"]
[WhiteElo "2339"]
[BlackElo "2381"]

1.e4 c5 2.Nf3 e6 3.d4 cxd4 4.Nxd4 Nc6 5.Nc3 Qc7 6.Be2 a6 7.Be3 b5 8.Nxc6 dxc6
9.O-O Bb7 10.f4 Be7 11.Bf3 Rd8 12.Qe1 c5 13.Qg3 g6 14.Rad1 Rxd1 15.Rxd1 b4
16.Nb1 Nf6 17.Nd2 c4 18.c3 O-O 19.Qf2 Rc8 20.g4 Qa5 21.g5 Ne8 22.cxb4 Qxa2
23.Nb1 Bxb4 24.Nc3 Qa5 25.Rd7 Bc6 26.Rd1 Qc7 27.f5 Rd8 28.Rf1 Ng7 29.fxe6 Nxe6
30.Nd5 Bxd5 31.exd5 Nf4 32.Kh1 Nxd5 33.Bd4 Qf4 34.Rg1 Ne7 35.Be3 Qe5 36.Bg2 Nf5
37.Bf4 Qd4 38.Qxd4 Rxd4 39.Be5 Rd2 40.Rc1 Bd6 41.Bc3 Re2 42.Ra1 Be5 43.Bf1 Rxh2+
44.Kg1 Nh4 45.Bxc4 Nf3+ 46.Kf1 Rh1+ 47.Kf2 Rxa1 48.Kxf3 Bxc3 49.bxc3 Ra3
50.Ke4 Rxc3 51.Bxa6 Rc5 52.Kf4 Kg7  0-1

[Event "50th World Juniors"]
[Site "Chennai IND"]
[Date "2011.08.13"]
[Round "11.2"]
[White "Ter Sahakyan,S"]
[Black "Adhiban,B"]
[Result "1/2-1/2"]
[WhiteElo "2558"]
[BlackElo "2542"]

1.e4 c5 2.Nf3 e6 3.d4 cxd4 4.Nxd4 Nc6 5.Nc3 Qc7 6.f4 a6 7.Be3 b5 8.Be2 Bb7
9.O-O Bc5 10.Qd2 Nf6 11.e5 Nxd4 12.Bxd4 Ne4 13.Nxe4 Bxe4 14.c3 O-O 15.Qe3 Bxd4
16.Qxd4 Qc6 17.Bf3 Bxf3 18.Rxf3 f6 19.exf6 Rxf6 20.Rd1 d5 21.f5 exf5 22.Qxd5+ Qxd5
23.Rxd5 Re8 24.Rdxf5 Rxf5 25.Rxf5 Re2 26.b4 Rxa2 27.Rc5 Kf7 28.Rc6 Ra4 29.Kf2 a5
30.bxa5 Rxa5 31.Rb6 Ra3  1/2-1/2

[Event "20th ZMDI Open A"]
[Site "Dresden GER"]
[Date "2011.08.13"]
[Round "8.25"]
[White "Jaracz,B"]
[Black "Zakhartsov,Vl"]
[Result "1-0"]
[WhiteElo "2265"]
[BlackElo "2146"]

1.e4 c5 2.Nf3 e6 3.d4 cxd4 4.Nxd4 Nc6 5.Nc3 Qc7 6.Be3 a6 7.Qd2 Nf6 8.O-O-O Bb4
9.f3 O-O 10.g4 d6 11.a3 Ba5 12.Nb3 Bxc3 13.Qxc3 b5 14.h4 Bb7 15.h5 Rac8 16.g5 Nd7
17.h6 Nce5 18.hxg7 Kxg7 19.Bd4 Kg8 20.Be2 Qxc3 21.Bxc3 d5 22.f4 Ng6 23.f5 Nf4
24.Bg4 Rxc3 25.bxc3 Ne5 26.Rdf1 Ng2 27.Rf2 Ne3 28.Rfh2 N5xg4 29.Rxh7 exf5
30.exf5 Nxf5 31.Rh8+ Kg7 32.R1h7+ Kg6 33.Rxf8 Ne5 34.Rhh8 Kxg5 35.Na5 Bc6
36.Nxc6 Nxc6 37.Rxf7 Nfe7 38.Re8 Ng6 39.Rg7  1-0

[Event "Sakkozo Magyarok World Meeting"]
[Site "Lakitelek HUN"]
[Date "2011.08.13"]
[Round "8.10"]
[White "Darazs,Z"]
[Black "Follert,I"]
[Result "1/2-1/2"]
[WhiteElo "2133"]
[BlackElo "2021"]

1.e4 c5 2.Nf3 e6 3.d4 cxd4 4.Nxd4 Nc6 5.Nc3 a6 6.Be3 Qc7 7.Be2 Nf6 8.O-O Bb4
9.Na4 Ne7 10.Qd3 b5 11.Nc3 Bxc3 12.bxc3 Bb7 13.f3 d5 14.exd5 Bxd5 15.a4 Bc4
16.Qd2 e5 17.Nb3 O-O  1/2-1/2

[Event "CECLUB Div2 Gp1"]
[Site "Padron ESP"]
[Date "2011.08.13"]
[Round "5"]
[White "Varas,C"]
[Black "Gonzalez Menendez,I"]
[Result "1/2-1/2"]
[WhiteElo "2244"]
[BlackElo "2448"]

1.e4 c5 2.Nf3 e6 3.d4 cxd4 4.Nxd4 Nc6 5.Nc3 Qc7 6.Be3 a6 7.Be2 Nf6 8.O-O Bb4
9.Nxc6 bxc6 10.Qd4 c5 11.Qc4 Bb7 12.Bf3 Qe5 13.Rfe1 Bxc3 14.bxc3 Nxe4 15.Bxe4 Qxe4
16.Qxe4 Bxe4 17.Bxc5 Bxc2 18.Bd6 f6 19.c4 g5 20.Rac1 Ba4 21.Re3 Kf7 22.Ra3 Bc6
23.Ra5 Ra7 24.Bc5 Raa8 25.Bd6 Rhc8 26.Rb1 Be4 27.Rb4 Ra7 28.f3 Bd3 29.c5 Be2
30.Kf2 Bd3 31.Ke3 Bf1 32.Kf2 Bd3 33.Ke3 Bf1 34.Kf2  1/2-1/2

[Event "20th Poznan Open"]
[Site "Poznan POL"]
[Date "2011.08.13"]
[Round "8.13"]
[White "Bednarska,M"]
[Black "Szymanski,L"]
[Result "1-0"]
[WhiteElo "2172"]
[BlackElo "1840"]

1.e4 c5 2.Nf3 e6 3.d4 cxd4 4.Nxd4 Nc6 5.Nc3 Nf6 6.Ndb5 d6 7.Bf4 Ne5 8.Bg5 a6
9.Bxf6 gxf6 10.Nd4 Bd7 11.f4 Nc6 12.f5 Ne5 13.Qh5 Qb6 14.fxe6 Qxd4 15.exd7+ Nxd7
16.Bd3 Qe3+ 17.Qe2 Qb6 18.O-O-O Rc8 19.Nd5 Qd8 20.Rhf1 Bg7 21.Rf5 Nb6 22.Nxb6 Qxb6
23.Bc4 Qc7 24.Bb3 O-O 25.Kb1 Qe7 26.Qg4 b6 27.Rd3 Rc5 28.Rg3  1-0

[Event "Rostov Women GP"]
[Site "Rostov-on-Don RUS"]
[Date "2011.08.13"]
[Round "10"]
[White "Ruan Lufei"]
[Black "Hou Yifan"]
[Result "1/2-1/2"]
[WhiteElo "2479"]
[BlackElo "2575"]

1.e4 c5 2.Nf3 e6 3.d4 cxd4 4.Nxd4 Nc6 5.Nc3 d6 6.Be2 Nf6 7.O-O Be7 8.Be3 O-O
9.Kh1 e5 10.Nb3 Be6 11.Bf3 a5 12.Nd5 Bxd5 13.exd5 Nb4 14.c3 Na6 15.Qd3 Nd7
16.g4 Bg5 17.Nd2 g6 18.Rg1 Kh8 19.Qe2 a4 20.Ne4 Bxe3 21.fxe3 Qe7 22.Ng3 Rac8
23.Rac1 Rc7 24.Qd2 Qg5 25.Ne4 Qe7 26.Ng3 h6 27.Be2 Nac5 28.e4 Qg5 29.Rcd1 Nf6
30.Bf3 Qxd2 31.Rxd2 a3 32.b3 Na6 33.c4 Rb8 34.Kg2 b5 35.Be2 Nc5 36.Kf3 b4
37.Bd1 Nh7 38.h4 Kg7 39.Ke3 Rf8 40.Rf2 Rb7 41.Rgf1 Rc7 42.Rg1 Rb7 43.Rgf1 Rc7  1/2-1/2

[Event "Botvinnik 100th Open"]
[Site "St Petersburg RUS"]
[Date "2011.08.13"]
[Round "2"]
[White "Pasiev,R"]
[Black "Pridorozhni,A"]
[Result "0-1"]
[WhiteElo "2313"]
[BlackElo "2550"]

1.e4 c5 2.Nf3 Nc6 3.Nc3 e6 4.d4 cxd4 5.Nxd4 Nf6 6.Nxc6 bxc6 7.e5 Nd5 8.Ne4 Qc7
9.f4 Qb6 10.Qf3 Be7 11.a3 f5 12.Nf2 Rb8 13.c4 Qa5+ 14.Bd2 Bb4 15.O-O-O Bxd2+
16.Rxd2 Nb6 17.g4 Ba6 18.gxf5 exf5 19.e6 d5 20.cxd5 Bxf1 21.Rxf1 cxd5 22.Nd3 O-O
23.Rc2 Nc4 24.Ne5 Nxe5 25.fxe5 Rbe8 26.Rc6 Qb5 27.Rd6 d4 28.Rxd4 Rxe6 29.Rd5 Qc4+
30.Kb1 h6 31.Rc1 Qe4+ 32.Qxe4 fxe4 33.Re1 Rf2 34.Rxe4 Rxh2 35.Rd6 Rxd6 36.exd6 Rd2
37.Ra4 Rxd6 38.Rxa7 g5 39.Re7 g4 40.a4 g3 41.Re1 h5 42.Rh1 g2 43.Rg1 Rg6  0-1

[Event "50th World Juniors"]
[Site "Chennai IND"]
[Date "2011.08.14"]
[Round "12.19"]
[White "Vaibhav,S"]
[Black "Barbosa,Ev"]
[Result "0-1"]
[WhiteElo "2430"]
[BlackElo "2343"]

1.e4 c5 2.Nf3 e6 3.d4 cxd4 4.Nxd4 Nc6 5.Nc3 Qc7 6.Be2 a6 7.O-O Nf6 8.Be3 Be7
9.f4 d6 10.Kh1 O-O 11.Qe1 Nxd4 12.Bxd4 b5 13.Qg3 Bb7 14.a3 Rad8 15.Rae1 Rd7
16.Bd3 Re8 17.Nd1 Qd8 18.Nf2 Bf8 19.Bc3 e5 20.Qh3 Re6 21.Bd2 exf4 22.Bxf4 Rde7
23.Rd1 Nxe4 24.Nxe4 Bxe4 25.Bxe4 Rxe4 26.Bxd6 Re8 27.Bg3 Rd4 28.Qh5 Rxd1
29.Rxd1 Qc8 30.c3 Qc4 31.h3 g6 32.Qd5 Qxd5 33.Rxd5 Re2 34.b4 Re3 35.Be5 Re1+
36.Kh2 Rxe5  0-1

[Event "50th World Juniors"]
[Site "Chennai IND"]
[Date "2011.08.14"]
[Round "12.25"]
[White "Udeshi,A"]
[Black "Sapozhnikov,R"]
[Result "0-1"]
[WhiteElo "2378"]
[BlackElo "2295"]

1.e4 c5 2.Nf3 e6 3.d4 cxd4 4.Nxd4 Nc6 5.Nc3 Qc7 6.Be3 a6 7.Qd2 Nf6 8.O-O-O Be7
9.f3 b5 10.g4 O-O 11.Kb1 Rd8 12.Qf2 Rb8 13.h4 Ne5 14.h5 b4 15.Nce2 d5 16.g5 Ne8
17.exd5 exd5 18.g6 Nf6 19.Nf4 Nc4 20.h6 fxg6 21.hxg7 Rb6 22.Bc1 Bc5 23.Ka1 Bf5
24.Bxc4 dxc4 25.Be3 Rbd6 26.c3 bxc3 27.bxc3 Qa5 28.Rc1 Ba3 29.Nxf5 Qxf5 30.Rb1 Qe5
31.Qe1 Rd1 32.Nxg6 Rxb1+ 33.Kxb1 Qb8+  0-1

[Event "50th World Juniors"]
[Site "Chennai IND"]
[Date "2011.08.14"]
[Round "12.3"]
[White "Kovalev,Vl"]
[Black "Durarbeyli,V"]
[Result "1/2-1/2"]
[WhiteElo "2439"]
[BlackElo "2515"]

1.e4 c5 2.Nf3 e6 3.d4 cxd4 4.Nxd4 Nc6 5.Nc3 Qc7 6.Be2 Nf6 7.O-O Be7 8.Be3 O-O
9.f4 d6 10.Bf3 Nxd4 11.Qxd4 e5 12.Qd2 exf4 13.Bxf4 Be6 14.Kh1 a6 15.Rfd1 Rad8
16.Ne2 Ng4 17.Nd4 Ne5 18.Nxe6 fxe6 19.Bxe5 dxe5 20.Qe2 Rxd1+ 21.Rxd1 Rd8
22.Rxd8+ Qxd8 23.g3 g6 24.c3 Kf7 25.Kg2 Bc5 26.Qd1 Qc7 27.Qd3 Bb6 28.Kh3 Kg7
29.Bg4 Qf7 30.Qf3 Qe7 31.Qd3 h5 32.Bd1 Bc5 33.Qf3 Qd7 34.Bb3 a5 35.a4 b6
36.Bc4 Qe7 37.b3 Kh6 38.Be2 Kg7 39.Bc4 Qe8 40.Bb5 Qh8 41.Qd3 Kh6 42.Kg2 g5
43.h4 gxh4 44.Qd2+ Kg6 45.gxh4 Be7 46.Kh3 Qf8 47.Qg2+ Kh7 48.Qf1  1/2-1/2

[Event "20th ZMDI Open A"]
[Site "Dresden GER"]
[Date "2011.08.14"]
[Round "9.13"]
[White "Markgraf,Al"]
[Black "Mueller,Fab"]
[Result "1-0"]
[WhiteElo "2476"]
[BlackElo "2314"]

1.e4 c5 2.Nf3 e6 3.d4 cxd4 4.Nxd4 Nc6 5.Nc3 Qc7 6.Be3 a6 7.Qd2 Nf6 8.O-O-O Bb4
9.f3 Ne5 10.Nb3 b5 11.Qe1 Rb8 12.Qg3 Nh5 13.Qf2 O-O 14.Bc5 Bxc5 15.Qxc5 Qxc5
16.Nxc5 Rb6 17.a4 d6 18.Nb3 bxa4 19.Nxa4 Rb4 20.Nc3 Rd8 21.Na5 Rd7 22.g3 Nf6
23.Be2 Ne8 24.f4 Ng6 25.b3 Ne7 26.Kb2 Nc7 27.Bf3 Rb8 28.Rd2 Bb7 29.Rhd1 Ne8
30.Be2 Ba8 31.Nc4 Nc8 32.f5 Rc7 33.Ra1 Rc6 34.Na5 Rbb6 35.fxe6 fxe6 36.Bg4 Kf7
37.e5 dxe5 38.Nc4 Rb4 39.Nxe5+ Ke7 40.Rxa6 Rbb6 41.Rd7+ Kf6 42.Ra5 Ned6 43.Be2 Rb4
44.Rc7 Nb6 45.Ka3 Rd4 46.Ng4+ Kg6 47.Bd3+ Nf5 48.Ne5+ Kh6 49.g4  1-0

[Event "27th Faaker See Open"]
[Site "Latschach AUT"]
[Date "2011.08.14"]
[Round "3"]
[White "Barthel,A"]
[Black "Malakhatko,V"]
[Result "0-1"]
[WhiteElo "2224"]
[BlackElo "2548"]

1.e4 c5 2.Nf3 e6 3.d4 cxd4 4.Nxd4 Nc6 5.Nc3 Qc7 6.Nxc6 bxc6 7.Bd3 Nf6 8.O-O Be7
9.Qe2 d5 10.b3 O-O 11.Bb2 Bb7 12.Rfe1 Rfe8 13.Na4 dxe4 14.Bxe4 Nxe4 15.Qxe4 c5
16.Qe5 Qxe5 17.Bxe5 c4 18.Nb2 f6 19.Bg3 Bb4 20.Re2 c3 21.Nd3 Ba3 22.Re3 e5
23.Rb1 Rac8 24.b4 Bd5 25.b5 Red8 26.f3 Bc4 27.Nf2 Bc5 28.Ree1 Rd2  0-1

[Event "Botvinnik 100th Open"]
[Site "St Petersburg RUS"]
[Date "2011.08.14"]
[Round "3"]
[White "Aitbayev,A"]
[Black "Geller,J"]
[Result "0-1"]
[WhiteElo "2346"]
[BlackElo "2535"]

1.e4 c5 2.Nf3 e6 3.d4 cxd4 4.Nxd4 Nc6 5.Nc3 Qc7 6.Be3 a6 7.Bd3 Nf6 8.O-O Nxd4
9.Bxd4 Bc5 10.Bxc5 Qxc5 11.Kh1 d6 12.Qd2 e5 13.f4 O-O 14.Rae1 Kh8 15.a3 exf4
16.Rxf4 Ng4 17.Nd5 Be6 18.b4 Qc6 19.Ref1 Ne5 20.Rh4 f6 21.Qe2 Bf7 22.Qe3 Rae8
23.Qd4 Nxd3 24.Qxd3 Re5 25.Ne3 Bg6 26.Rd1 Bxe4 27.Qxd6 Qxd6 28.Rxd6 Bc6 29.Rd3 Rfe8
30.Rh3 f5 31.Kg1 f4 32.Nf1 Re2 33.Rd2 Bxg2 34.Rhd3 h5 35.Rd4 Bh3 36.R4d3 f3
37.Rd1 f2+ 38.Kh1 Bf5  0-1

[Event "Stare Mesto FIDE Open"]
[Site "Stare Mesto CZE"]
[Date "2011.08.14"]
[Round "4.6"]
[White "Mrazek,L"]
[Black "Plat,V"]
[Result "0-1"]
[WhiteElo "2148"]
[BlackElo "2410"]

1.e4 c5 2.Nf3 e6 3.d4 cxd4 4.Nxd4 Nc6 5.Nc3 a6 6.Be3 Nf6 7.Nxc6 bxc6 8.e5 Nd5
9.Nxd5 cxd5 10.Bd3 d6 11.Bd4 Qc7 12.Qe2 dxe5 13.Bxe5 Qa5+ 14.c3 f6 15.Qh5+ Kd8
16.Bg3 Bd7 17.O-O Be8 18.Qg4 Qb6 19.c4 e5 20.Qf3 Qb7 21.Rfd1 Bd6 22.c5 Bc6
23.cxd6 e4 24.Bxe4 dxe4 25.Qe3 Re8 26.Rac1 Kd7 27.Rxc6 Qxc6 28.Rc1 Qd5 29.Rc7+ Ke6
30.h4 g5 31.Qb6 Qb5 32.Qd4 Qd3 33.Qa4 Rad8 34.Qc6 Kf5 35.Rg7 gxh4 36.Qc5+ Ke6
37.Bf4 Qd5 38.Qc7 Kf5 39.Qc3 Qd3 40.Qc1 Rc8 41.Rc7 Rxc7 42.Qxc7 Qd5 43.Be3 Ke6
44.Bf4 e3 45.Qc1 exf2+ 46.Kxf2 Rg8 47.Qe3+ Kf5 48.g3 Rc8 49.Qe2 hxg3+ 50.Bxg3 Qd4+
51.Kf1 Qc4 52.b4 Qxe2+ 53.Kxe2 Ke4 54.a4 Rb8 55.d7 Rd8 56.b5 axb5 57.axb5 Rxd7
58.b6 Kd5 59.Kf3 Kc6 60.Ke4 Kxb6 61.Bh4 Rg7 62.Bxf6 Rg6  0-1

[Event "26th Teteven Open"]
[Site "Teteven BUL"]
[Date "2011.08.14"]
[Round "2.21"]
[White "Koleva,Djuliana"]
[Black "Daskalov,D"]
[Result "0-1"]
[WhiteElo "1717"]
[BlackElo "2035"]

1.e4 c5 2.Nf3 e6 3.Nc3 Nc6 4.d4 cxd4 5.Nxd4 Nf6 6.Nxc6 bxc6 7.e5 Nd5 8.Nxd5 cxd5
9.g3 Ba6 10.Bxa6 Qa5+ 11.Bd2 Qxa6 12.Qe2 Qb7 13.Rb1 Rc8 14.c3 Rc4 15.O-O h5
16.Bf4 h4 17.f3 hxg3 18.hxg3 Qc7 19.Kg2 d4 20.Bd2 dxc3 21.Bxc3 d5 22.exd6 Bxd6
23.f4 Qb7+ 24.Qf3 Qxf3+ 25.Rxf3 O-O 26.Rd3 Bb4 27.Bxb4 Rxb4 28.Rd7 a5 29.Kf3 Rc8
30.Rd2 Rcb8 31.b3 a4 32.Rdb2 f6 33.Ke3 e5 34.fxe5 fxe5 35.Ke2 Kf7 36.Rf1+ Ke6
37.Rf3 g5 38.Rc3 g4 39.Rd3 Rh8 40.Kf1 e4 41.Re3 Rf8+ 42.Kg2 Rf3 43.Rbe2 Kf5
44.bxa4 Rxa4 45.a3 Rxa3 46.Rxe4 Rxg3+ 47.Kf1 Raf3+ 48.Ke1 Rg1+ 49.Kd2 g3
50.Re5+ Kg4 51.R2e4+ Kh3 52.Rh5+ Kg2 53.Re2+ Rf2 54.Rh8 Kf1 55.Rxf2+ gxf2
56.Rf8 Kg2 57.Rg8+ Kh3 58.Rh8+ Kg4 59.Rg8+ Kh5  0-1

[Event "50th World Juniors"]
[Site "Chennai IND"]
[Date "2011.08.15"]
[Round "13"]
[White "Sjugirov,S"]
[Black "Adhiban,B"]
[Result "1/2-1/2"]
[WhiteElo "2629"]
[BlackElo "2542"]

1.e4 c5 2.Nf3 e6 3.d4 cxd4 4.Nxd4 Nc6 5.Nc3 Qc7 6.g3 d6 7.Bg2 a6 8.O-O Nf6
9.Re1 Nd7 10.Nxc6 bxc6 11.Na4 Bb7 12.b3 Be7 13.Bb2 O-O 14.c4 c5 15.Qd2 Bc6
16.Nc3 Bf6 17.Ne2 Bxb2 18.Qxb2 f5 19.Nf4 Rae8 20.exf5 Bxg2 21.Nxg2 Ne5 22.Re3 Rxf5
23.Nh4 Rf6 24.f4 Nc6 25.Nf3 Ref8 26.Qg2 Nd4 27.Nxd4 cxd4 28.Ree1 Qc5 29.Qe4 e5
30.fxe5 dxe5 31.Rad1 Rf2 32.Qd5+ Qxd5 33.cxd5 Rxa2 34.Rxe5 Rff2 35.d6 Rg2+
36.Kh1 Rxh2+ 37.Kg1 Rhg2+ 38.Kh1 Rh2+ 39.Kg1 Rhg2+ 40.Kh1  1/2-1/2

[Event "29th World Junior Girls"]
[Site "Chennai IND"]
[Date "2011.08.15"]
[Round "13"]
[White "Eric,J"]
[Black "Bharathi,R"]
[Result "1-0"]
[WhiteElo "2282"]
[BlackElo "2117"]

1.e4 c5 2.Nf3 e6 3.d4 cxd4 4.Nxd4 Nc6 5.Nc3 a6 6.Be2 Qc7 7.Be3 Nf6 8.a3 b5
9.Nxc6 dxc6 10.f4 Bb7 11.Bf3 c5 12.e5 Rd8 13.Qe2 Nd5 14.Nxd5 Bxd5 15.O-O-O Be7
16.Bxd5 exd5 17.Qg4 O-O 18.Rhe1 f5 19.exf6 Rxf6 20.f5 Qd7 21.Bg5 Rf7 22.Re5 Bf6
23.Bxf6 Rxf6 24.Rde1 g6 25.Qg5 Rdf8 26.g4 Qg7 27.Re7 R6f7 28.fxg6 Qxg6 29.Qxd5 Qxg4
30.Rf1 Qd4 31.Rfxf7  1-0

[Event "50th World Juniors"]
[Site "Chennai IND"]
[Date "2011.08.15"]
[Round "13"]
[White "Aravindh,Chithambaram VR."]
[Black "Vaibhav,S"]
[Result "0-1"]
[WhiteElo "2212"]
[BlackElo "2430"]

1.e4 c5 2.Nf3 e6 3.d4 cxd4 4.Nxd4 Nc6 5.Nc3 Qc7 6.Nxc6 bxc6 7.Bd3 Nf6 8.O-O Be7
9.Kh1 O-O 10.f4 d5 11.e5 Nd7 12.Qh5 f5 13.g4 Nc5 14.gxf5 exf5 15.Be3 Nxd3
16.cxd3 d4 17.Bxd4 c5 18.Be3 Bb7+ 19.Kg1 Qc6 20.Qh3 Rad8 21.Kf2 Rxd3 22.Rad1 Rxc3
23.bxc3 Bh4+ 24.Ke2 Ba6+ 25.Kd2 Qb5 26.Kc1 Rb8  0-1

[Event "26th Universiade Men"]
[Site "Shenzhen CHN"]
[Date "2011.08.15"]
[Round "2.11"]
[White "Battulga,N"]
[Black "Papin,V"]
[Result "0-1"]
[WhiteElo "2413"]
[BlackElo "2565"]

1.e4 c5 2.Nf3 e6 3.d4 cxd4 4.Nxd4 Nc6 5.Nc3 Qc7 6.Be2 a6 7.O-O Nf6 8.Be3 Be7
9.f4 d6 10.Kh1 O-O 11.Qe1 Nxd4 12.Bxd4 Nd7 13.a4 b6 14.Bd3 Bb7 15.Qg3 Bf6
16.Bxf6 Nxf6 17.Rae1 Nd7 18.Re3 Qc5 19.Qh3 Rae8 20.e5 f5 21.exf6 Nxf6 22.Rfe1 e5
23.fxe5 dxe5 24.Qh4 e4 25.Nxe4 Bxe4 26.Rxe4 g5 27.Rg4 Kh8 28.Rxe8 Rxe8  0-1

[Event "Botvinnik Mem Senior"]
[Site "Suzdal RUS"]
[Date "2011.08.15"]
[Round "1"]
[White "Zaitsev,I"]
[Black "Taimanov,M"]
[Result "1-0"]
[WhiteElo "2408"]
[BlackElo "2386"]

1.e4 c5 2.Nf3 e6 3.d4 cxd4 4.Nxd4 Nc6 5.Nc3 a6 6.g3 Nge7 7.Bg2 Nxd4 8.Qxd4 Nc6
9.Qe3 b5 10.O-O Bb7 11.a4 b4 12.Nd5 Ne5 13.Qe2 Bc5 14.Be3 Bxe3 15.Nxe3 O-O
16.f4 Nc6 17.Rad1 Qc7 18.Rd2 Rfd8 19.Rfd1 Na5 20.Rd4 Nc6 21.Rd6 Ne7 22.Qd2 Nd5
23.Nxd5 exd5 24.e5 Qc5+ 25.Qf2 Rac8 26.Qxc5 Rxc5 27.Rd2 Bc6 28.b3 Kf8 29.Bxd5 Bxd5
30.R6xd5 Rc7 31.Rd6 a5 32.R6d5 Ra7 33.Rc5 Ke7 34.Rdd5 Rda8 35.Kf2 f6 36.exf6+ Kxf6
37.Ke3 Ke7 38.Re5+ Kf7 39.Rf5+ Ke7 40.Rce5+ Kd6 41.Kd2 Rc7 42.Rxa5 Rac8 43.c4 bxc3+
44.Kc2 Re8 45.Rad5+ Ke7 46.Rfe5+ Kf7 47.Rxe8 Kxe8 48.a5 Kd8 49.a6 Kc8 50.Ra5  1-0

[Event "Botvinnik Mem Senior"]
[Site "Suzdal RUS"]
[Date "2011.08.15"]
[Round "3"]
[White "Nikitin,AS"]
[Black "Taimanov,M"]
[Result "1/2-1/2"]
[WhiteElo "2430"]
[BlackElo "2386"]

1.e4 c5 2.Nf3 e6 3.d4 cxd4 4.Nxd4 Nc6 5.Nc3 a6 6.Be3 Nge7 7.Nb3 b5 8.Bc5 Ng6
9.Bxf8 Nxf8 10.Qd2 Qe7 11.O-O-O Ng6 12.h4 O-O 13.h5 Nge5 14.h6 g6 15.f4 Nc4
16.Bxc4 bxc4 17.Nd4 Nd8 18.Nf3  1/2-1/2